000 01937 a2200229 4500
001 16002
005 20260407155452.0
008 260407a1998 arg spa d
003 AR-UNSa-BCEJYS
040 _aAR-UNSa-BCEJYS
_bspa
_cAR-UNSa-BCEJYS
080 _a519.2
_xProbabilidades y estadística matemática
245 1 0 _aEstadística aplicada a la administración y a la economía
020 _a970-10-1963-6
250 _a3a. ed.
264 1 _aMéxico :
_bMcGraw-Hill
_c1998
300 _axv, 416 p.
_c23 cm.
505 _a1. Análisis de datos económicos y administrativos - 2. Presentaciones estadísticas y análisis de gráficas - 3. Descripción de datos económicos y administrativos : medidas de posición - 4. Descripción de datos económicos y administrativos: medidas de variabilidad - 5. Probabilidad - 6. Distribuciones de probabilidad para variables aleatorias discretas: binomial, hipergeométrica y Poisson - 7. Distribuciones de probabilidad para variables aleatorias continuas: normal y exponencial - 8. Distribuciones de muestreo e intervalos de confianza para la medida - 9. Otros intervalos de confianza - 10. Pruebas de hipótesis referentes al valor de la medida de una población - 11. Otras pruebas de hipótesis - 12. La prueba de Ji-cuadrada - 13. Análisis de varianza - 14. Análisis de regresión y correlación lineal - 15. Regresión y correlación múltiple - 16. Análisis de series de tiempo y pronósticos económicos - 17. Números índices para datos económicos y administrativos - 18. Análisis de decisión: tablas de pagos y arboles de decisión - 19. Análisis de decisión: el uso de información muestral - 20. Control estadístico de procesos - 21. Estadística no paramétrica
942 _cBK
590 _aniveau_biblio:m niveau_hierar:0
100 1 _aKazmier, Leonard J.
856 4 1 _uhttps://www.biblioeco.unsa.edu.ar/pmb/images/libros/16002.jpg
_yImagen de portada
_qimage/jpeg
999 _c674
_d674